|
|
|
|
| LEADER |
00000nam a2200000 a 4500 |
| 001 |
vtls009287697 |
| 003 |
SK-MaSNL |
| 005 |
20260301210726.0 |
| 008 |
240314s2007 xo o f 000 0 slo |
| 015 |
|
|
|a SNBA2008/07-02895
|
| 020 |
|
|
|a 9788071644415
|q (brož.)
|
| 035 |
|
|
|a F94DD16E-123D-4C1C-97F6-5EBD107FE2A2
|
| 035 |
|
|
|a urn:nbn:sk:snk-amkrep
|
| 035 |
|
|
|a urn:nbn:sk:snk-am005cy6
|
| 040 |
|
|
|a SNK
|b slo
|c SNK
|e AACR2
|
| 041 |
1 |
|
|a slo
|h eng
|
| 044 |
|
|
|a xo
|c SK
|
| 072 |
|
7 |
|a 316.3
|x Globálne spoločnosti. Sociálna štruktúra. Sociálne skupiny
|2 konspekt
|
| 080 |
|
|
|a 172.12
|2 2001
|
| 080 |
|
|
|a 316.32
|2 2001
|
| 080 |
|
|
|a 379.82/.84
|2 2001
|
| 080 |
|
|
|a (072)
|2 2001
|
| 100 |
1 |
|
|a Price, Joanne
|4 aut
|9 594619
|
| 245 |
1 |
0 |
|a Myslite globálne!
|b príručka základných zručností k aktívnemu globálnemu občianstvu
|c [autor príručky: Joanne Price ; prekladateľka Stojka Dubeňová]
|
| 250 |
|
|
|a 1. vyd.
|
| 260 |
|
|
|a Bratislava
|b Metodicko-pedagogické centrum Bratislavského kraja v Bratislave
|c 2007
|
| 300 |
|
|
|a 116 s.
|b fareb. fotogr.
|c 29 cm
|
| 366 |
|
|
|e 1600 výtl. Nepredajné!
|
| 650 |
0 |
7 |
|a občianstvo
|2 SNKPH
|9 24106
|
| 650 |
0 |
7 |
|a globálna spoločnosť
|2 SNKPH
|9 69465
|
| 650 |
0 |
7 |
|a zručnosti a znalosti
|2 SNKPH
|9 74214
|
| 655 |
|
7 |
|a metodické príručky
|2 SNKPH
|9 70250
|
| 700 |
1 |
|
|a Dubeňová, Stojka
|4 trl
|9 594620
|
| 919 |
|
|
|a 978-80-7164-441-5
|
| 968 |
|
|
|d 30/31
|
| 999 |
|
|
|c 914588
|d 916518
|
| 952 |
|
|
|a SNK
|b SNK
|y PREZ
|7 0
|p 17A0586669
|o snkSB 76030
|i snk2008/9054
|8 0
|0 0
|1 0
|4 0
|d 2008-04-21
|f 1
|l 0
|r 2025-04-30 00:00:00
|w 2026-02-24
|
| 952 |
|
|
|a SNK
|b SNK
|y VYP
|7 0
|p 17A0586670
|o snkSB 76030 D1
|i snk2008/9055
|8 0
|0 0
|1 0
|4 0
|d 2008-04-21
|l 0
|r 2016-06-30 00:00:00
|w 2026-02-24
|